000 00505nam a2200133 a 4500
001 000033132
005 20240313173909.0
008 110817s1916 dr 000 0 spa d
040 _aDO-SdBNP
_bspa
_cBNPHU
100 1 _aDeschamps, Enrique,
_d 1872-1933
_92573
245 1 0 _aPro-patria :
_balgunas posibilidades de la República Dominican en Francia, algunas reformas simples y urgentes que deben hacerse en el país /
_cEnrique Deschamps.
260 _aParis :
_bJouve & C,
_c1916.
300 _a166 p. ;
_c20 cm.
999 _c32623
_d32623